[Event "Prague Festival Open 2020"]
[Site "Prague"]
[Date "2020.02.14"]
[Round "1.10"]
[White "Alsina Leal, Daniel"]
[Black "Dylag, Emilia"]
[Result "1-0"]
[WhiteElo "2474"]
[BlackElo "2070"]
[Annotator "TA"]
[PlyCount "157"]
[EventDate "2020.02.14"]
[EventType "swiss"]
[EventCountry "CZE"]
[SourceTitle "playchess.com"]
[Source "ChessBase"]
[SourceQuality "1"]

{[%evp 9,157,11,13,8,5,18,17,20,15,0,41,30,29,27,36,26,29,12,49,9,26,11,32,32,29,58,57,53,84,78,77,85,83,82,89,83,85,89,86,85,91,98,165,115,133,131,147,140,148,160,287,295,286,262,260,272,350,285,254,149,148,158,168,141,129,134,180,107,206,210,183,181,176,176,176,170,174,168,222,213,220,212,317,317,317,291,317,317,317,317,317,317,317,303,317,231,316,308,295,205,298,269,611,574,733,373,1572,1541,1293,1220,984,629,598,152,633,623,609,609,1521,602,602,602,1516,602,2967,2663,1742,585,29971,29972,29970,585,864,598,29970,29971,29975,29976,29976,29977,29982,29980,29988,29988,29982,29982,29981,29982,29982,29981]} 1. e4 c5 2. Nf3 d6 3. Bb5+ Nd7 4. a4 a6 5. Be2 Ngf6 6. Nc3 {B51: Sicilian: Moscow Variation (3 Bb5+) without 3...Bd7.} b6 7. d4 cxd4 8. Qxd4 {The position is equal.} Bb7 9. O-O e5 10. Qe3 $1 Be7 11. Rd1 O-O 12. Nd2 Qc7 13. Nc4 Nc5 {[%cal Rf6e4,Bd7c5,Bc5e6,Be6d4,Bd4c2][%mdl 32] [#]} 14. Bf3 $146 ({Predecessor:} 14. f3 Rfd8 15. b4 Ncd7 16. Ba3 Rab8 17. b5 Nc5 18. Bxc5 dxc5 19. bxa6 Bxa6 20. Nb5 Bxb5 21. axb5 {1-0 (39) Giri,A (2783)-Salem,A (2660) St Petersburg 2018}) 14... Rab8 15. b3 Ne6 16. Qxb6 Qxb6 17. Nxb6 Nd4 $1 18. Bg5 Bc6 19. a5 Nxc2 20. Rac1 Nd4 21. b4 Bd8 22. Bxf6 Bxf6 23. Ncd5 $36 {[%mdl 2048] White is in control.} Bg5 {[#] Hoping for ...Bxd5.} 24. Rxc6 $1 {[%mdl 512]} Nxc6 {[#]} 25. Be2 $1 f5 (25... Bd8 $16) 26. exf5 Rxf5 27. Bxa6 e4 28. Bc4 {[%mdl 1024] White has strong compensation.} Kh8 29. a6 Rf7 (29... e3 $16) 30. b5 $18 Ne5 31. Be2 Bd8 32. Na4 Nd3 33. Bxd3 exd3 34. b6 (34. Rxd3 Rxb5 35. Ndc3 Ra5 $17) (34. Nac3 $18) 34... Bxb6 $16 35. Naxb6 Ra7 36. g3 ({Don't do} 36. Rxd3 $6 Rxa6 37. h4 Rbxb6 $14) 36... Rxa6 37. Nc4 ({Don't play} 37. Rxd3 $6 Rbxb6 38. Nxb6 Rxb6 $14) 37... Rc6 38. Nde3 (38. Nce3 $18) 38... d5 (38... Rbc8 $16 {was worth a try.}) 39. Ne5 $18 {[%mdl 64] Double Attack} Rc3 40. Nxd5 Rcb3 41. Rxd3 Rxd3 42. Nxd3 Rd8 43. N3b4 g6 (43... g5 $142 44. f4 gxf4 45. gxf4 (45. Nxf4 Rd2 $18) 45... Kg7) 44. Kg2 Kg7 45. h4 Rd6 (45... Re8 {was necessary.} 46. Kf3 Kf7) 46. g4 Kf7 47. Kf3 Kg7 48. Kf4 Rd8 49. Kg3 Rd6 50. Ne3 Rd2 51. Nbc2 Kf6 52. Ne1 Rd4 53. f4 Ra4 54. N1g2 Ra3 (54... Kf7 {keeps fighting.} 55. g5 Ra1) 55. g5+ Ke6 $2 {[#]} (55... Kg7 56. Kg4 h6) 56. h5 $1 Kf7 (56... gxh5 57. Kh4) 57. Kg4 Rb3 $2 (57... Rc3 58. f5 gxf5+ 59. Kxf5 Rc5+ 60. Kg4 Re5) 58. hxg6+ Kxg6 59. Nh4+ Kf7 60. Nhf5 Rb1 61. Ng3 $2 (61. Nc4 $18 {is more deadly. Nd4 is the strong threat.} Rg1+ 62. Ng3) 61... Kg7 $2 (61... h6 $16) 62. Nef5+ Kg6 63. Nh4+ Kf7 64. f5 Rb4+ 65. Kh5 Rf4 66. Ne2 Rf2 67. Nd4 Rf4 68. Ndf3 Kg7 69. Ne5 Rf1 70. Ng4 (70. Nhf3 $142 Kf8 71. f6 Rd1 72. Kg4 Rd5 73. Kf5 Rd6 74. Nc4 Ra6 75. Nfe5) 70... Rh1 71. f6+ Kf8 72. Ne5 {White mates.} Rh2 73. Kg4 Ra2 74. Nhf3 Ra7 75. Kf5 Kg8 76. Nd4 Rb7 77. f7+ Rxf7+ 78. Nxf7 Kxf7 79. Nf3 {Accuracy: White = 73%, Black = 46%.} 1-0

[Event "Prague Festival Open 2020"]
[Site "Prague"]
[Date "2020.02.14"]
[Round "1.11"]
[White "Troffiguer, Olivier"]
[Black "Roussel-Roozmon, Thomas"]
[Result "1-0"]
[WhiteElo "2069"]
[BlackElo "2473"]
[Annotator "TA"]
[PlyCount "151"]
[EventDate "2020.02.14"]
[EventType "swiss"]
[EventCountry "CZE"]
[SourceTitle "playchess.com"]
[Source "ChessBase"]
[SourceQuality "1"]

{[%evp 9,151,0,-16,-14,14,0,0,0,16,8,12,16,42,0,53,49,50,60,53,29,26,20,47,0,12,13,16,2,0,13,29,0,0,-20,-31,-41,-18,-9,-12,-91,-91,-81,-83,-85,-79,-259,-258,-250,-218,-203,-187,-256,-252,-528,-328,-298,-214,-302,-308,-261,-119,-120,566,558,598,600,581,595,565,599,568,596,599,599,589,584,588,588,588,584,566,560,559,543,513,495,478,462,462,392,490,473,947,988,748,410,1313,1293,1260,1156,5244,5007,2694,2339,2168,1970,29954,29949,29956,29957,29966,29966,29968,29969,29969,29970,29971,29965,29964,29966,29966,29968,29968,29969,29970,29970,29971,29972,29972,29973,29973,29974,29974,29974,29975,29976,29977,29978,29978,29979,29979,29978,29977,29979]} 1. d4 Nf6 2. Nc3 d5 3. Bf4 c5 4. e3 cxd4 5. exd4 a6 6. Nf3 {B13: Caro-Kann: Exchange Variation and Panov-Botvinnik Attack.} Bg4 {scores much better than the old 6...Nc6.} 7. h3 Bxf3 8. Qxf3 {The position is equal.} Nc6 9. O-O-O e6 10. g4 Be7 {[#]} 11. Kb1 $146 (11. g5 $5 {[%cal Rg5f6]} Nd7 12. h4 $11) ({Predecessor:} 11. g5 Nd7 12. h4 Qa5 13. Kb1 Bb4 14. Ne2 Qb6 15. h5 Na5 16. g6 f6 17. h6 gxh6 {0-1 (33) Seliverstov,V (2462)-Al Sayed,M (2484) St Petersburg 2018}) 11... Rc8 (11... Nd7 $11) 12. g5 $14 Nd7 13. h4 Na5 14. Bh3 Nc4 15. Rd3 b5 16. Re1 {Black must now prevent Nxd5!} Ndb6 17. h5 g6 18. Qg3 b4 19. Nd1 Rc6 20. Qh4 Rf8 21. hxg6 hxg6 22. Re2 Na4 23. Bc1 Qa5 {And now ...Na3+! would win.} 24. b3 (24. Qg3 $11) 24... Nc3+ $17 25. Nxc3 bxc3 26. Qg3 Kd7 27. f4 $2 (27. bxc4 Rb6+ 28. Bb2 Rxb2+ 29. Kc1 Rb1+ $1 {[%mdl 512]} 30. Kxb1 Qb6+ 31. Kc1 Qb2+ 32. Kd1 Qb1#) (27. Qf3 $17 {is a better defense.}) 27... Ba3 $1 $19 {[%cal Ra3c1]} 28. Qe1 ({Much worse is} 28. Rxc3 Bxc1 29. Kxc1 Qa3+ 30. Kd1 Nb2+ 31. Kd2 (31. Ke1 $2 Qb4 $19) 31... Qb4 $19) 28... Bxc1 29. Qxc1 Rh8 30. Rg2 (30. Ka1 $142) 30... Rh4 31. Rg4 $2 (31. Rgg3) 31... Rxg4 32. Bxg4 Rc8 33. Rh3 ({Avoid the trap} 33. bxc4 $2 Rb8+ 34. Ka1 dxc4 $19) (33. a4 $142) 33... Na3+ 34. Ka1 Nb5 (34... Qb4 $19 35. Bf3 Rf8) 35. Rh7 Ke7 $2 {[%mdl 8192] [#]} (35... Kd6 $17 {stays on course.} 36. Be2 (36. Rxf7 $2 Qa3 $19) 36... Nxd4) 36. Bxe6 $1 $18 {[%mdl 512]} Kxe6 37. Qe3+ Kd6 {( -> ...Qa3!)} 38. Rxf7 {Intending Qe7+ and mate.} Qd8 {aiming for ...Qe8!} 39. a4 Qe8 {[#]} 40. Qe5+ $1 Qxe5 41. fxe5+ {[%mdl 4096] Endgame KRN-KR} Ke6 42. Rf6+ {[%mdl 64] Double Attack} Ke7 43. axb5 axb5 44. Rxg6 {KR-KR} Rh8 45. Rh6 Rf8 46. Rf6 {Strongly threatening Rxf8.} Rh8 47. Rb6 Rh4 48. Rxb5 Rxd4 49. Rc5 Rd1+ 50. Ka2 d4 (50... Rd2 $142 51. b4 Rxc2+ 52. Kb3 {[%mdl 64] Double Attack} Rg2 53. Rxd5 Rxg5) 51. b4 Ke6 52. Kb3 Kf5 (52... Rb1+ $142 53. Kc4 d3 54. Kxd3 Rxb4) 53. Kc4 Rd2 54. Rd5 Rxc2 55. Rxd4 Rc1 56. Rd3 c2 57. Rd2 Kxe5 58. Kc3 {White mates.} Rg1 59. Kxc2 Rxg5 60. Kb3 Rg6 61. Ka4 Ra6+ 62. Kb5 Ra8 63. Rd7 Ke6 64. Rb7 Kd6 {[#]} 65. Kb6 $1 Rh8 66. b5 {[%cal Bb4b5,Bb5b6,Bb6b7][%mdl 32]} Rg8 67. Ka7 Rg1 68. Rh7 Ra1+ 69. Kb7 Rb1 70. b6 Rb2 71. Rc7 Rb1 72. Rc2 Ra1 73. Kb8 Kd7 74. b7 Ra3 75. Rd2+ Ke7 76. Rd4 {Accuracy: White = 74%, Black = 71%.} 1-0

[Event "Prague Festival Open 2020"]
[Site "Prague"]
[Date "2020.02.14"]
[Round "1.12"]
[White "Kapnisis, Spyridon"]
[Black "Zadrapa, Radek"]
[Result "1-0"]
[WhiteElo "2471"]
[BlackElo "2066"]
[Annotator "TA"]
[PlyCount "87"]
[EventDate "2020.02.14"]
[EventType "swiss"]
[EventCountry "CZE"]
[SourceTitle "playchess.com"]
[Source "ChessBase"]
[SourceQuality "1"]

{[%evp 15,91,30,27,39,76,71,101,75,72,72,66,66,90,94,110,100,122,108,116,75,95,91,110,93,135,128,152,129,141,69,70,62,91,38,45,0,0,2,0,0,0,-24,0,0,0,0,24,35,15,25,132,138,152,147,146,152,206,183,197,162,481,435,808,795,763,723,908,895,886,866,5802,5647,2120,1125,912,693,29991,29992]} 1. c4 Nf6 2. Nc3 c5 3. g3 Nc6 4. Bg2 g6 5. e3 Bg7 6. Nge2 O-O 7. O-O Rb8 8. d4 d6 9. b3 {[#] E61: King's Indian: Early deviations for White, including Smyslov System.} Qa5 $146 ({Predecessor:} 9... a6 10. Bb2 Bd7 11. Qd2 b5 12. dxc5 dxc5 13. cxb5 axb5 14. Rfd1 Qc8 15. Nd5 Bh3 16. Bxf6 Bxf6 17. Rac1 Bxg2 18. Kxg2 Nd8 19. Nef4 {0-1 (38) Reinderman,D (2592)-Giri,A (2798) Amstelveen 2015}) 10. d5 Ne5 11. h3 {White is better.} a6 12. f4 Ned7 13. Bd2 Qc7 14. a4 b6 15. g4 h6 16. Ng3 Re8 17. h4 Nf8 18. Bf3 Bd7 19. g5 N6h7 20. gxh6 Bxh6 21. Be2 Qc8 22. Nce4 (22. h5 $16) 22... Nf6 23. Bc3 N8h7 24. Bf3 (24. h5 $16) 24... Bg7 $14 {...Nxe4 is the strong threat.} 25. Nxf6+ Nxf6 26. Re1 b5 27. axb5 axb5 28. Ra7 Ra8 29. Rxa8 Qxa8 30. e4 bxc4 31. e5 Nh7 32. bxc4 Qa3 {[#]} (32... Rb8 $11 {keeps the balance.}) 33. Qd3 $1 $16 Rb8 {And now ...Rb3 would win.} 34. Ra1 Qb3 35. Bd1 $36 {[%mdl 2048] White is in control.} Qb7 {[#]} (35... Qb6 $16 36. Qf3 Rb7) 36. h5 $1 $18 {[%cal Rh5g6]} Be8 37. Bc2 Nf8 $2 (37... dxe5 38. fxe5 (38. hxg6 fxg6 39. fxe5 Ra8 $16) 38... Ra8) 38. exd6 exd6 (38... Bxc3 $142 39. Qxc3 Nh7) 39. Bxg7 Kxg7 40. Qc3+ f6 {[#]} 41. h6+ $1 {[%mdl 512]} Kf7 (41... Kxh6 42. Qxf6) 42. Ne4 Qe7 43. Re1 {Intending Ng5+! and mate.} Qd8 {[#]} 44. f5 {Played: Ne4-g5} 1-0